书目信息 |
| 题名: |
体育理论与体育史论丛
|
|
| 作者: | 谷世权 著 | |
| 分册: | ||
| 出版信息: | 北京 当代中国出版社 2011 |
|
| 页数: | 322页 | |
| 开本: | 24cm | |
| 丛书名: | ||
| 单 册: | ||
| 中图分类: | G80-53 , G812.9-53 | |
| 科图分类: | ||
| 主题词: | 体育运动史--中国--文集 , 体育理论--文集 | |
| 电子资源: | ||
| ISBN: | 978-7-80170-973-8 | |
| 000 | 00924nam0 2200289 450 | |
| 001 | 1553097965 | |
| 005 | 20150706144538.68 | |
| 010 | @a978-7-80170-973-8@dCNY48.00 | |
| 090 | @aG80@bgsq | |
| 096 | @aG80@bgsq | |
| 100 | @a20110630d2011 em y0chiy50 ea | |
| 101 | 0 | @achi |
| 102 | @aCN@b110000 | |
| 105 | @ay z 000yy | |
| 106 | @ar | |
| 200 | 1 | @a体育理论与体育史论丛@b专著@f谷世权著@Ati yu li lun yu ti yu shi lun cong |
| 210 | @a北京@c当代中国出版社@d2011 | |
| 215 | @a322页@d24cm | |
| 300 | @a当代中国学术文库 | |
| 330 | @a本书围绕体育理论与体育史等问题进行了深入的论述。内容涉及古代体育史、近代体育史以及新中国体育发展史。 | |
| 606 | 0 | @a体育运动史@y中国@j文集 |
| 606 | 0 | @a体育理论@j文集 |
| 690 | @aG80-53@v4 | |
| 690 | @aG812.9-53@v4 | |
| 701 | 0 | @a谷世权@f(1934~2015)@4著@Agu shi quan |
| 801 | 0 | @aCN@b大连网信软件有限公司图书馆·11@c20150706 |
| 905 | @a213230@dG80-53@et78 | |
| 体育理论与体育史论丛/谷世权著.-北京:当代中国出版社,2011 |
| 322页;24cm |
| 当代中国学术文库 |
| ISBN 978-7-80170-973-8:CNY48.00 |
| 本书围绕体育理论与体育史等问题进行了深入的论述。内容涉及古代体育史、近代体育史以及新中国体育发展史。 |
| ● |
| 相关链接 |
|
|
|
|
正题名:体育理论与体育史论丛
索取号:G80-53/t78
 
预约/预借
| 序号 | 登录号 | 条形码 | 馆藏地/架位号 | 状态 | 备注 |
| 1 | 6940434 | 269404343 | 密集书库-体育系/ [索取号:G80-53/t78] | 在馆 | |
| 2 | 6940492 | 269404922 | 密集书库-体育系/ [索取号:G80-53/t78] | 在馆 |